[Event "Managua Hurtado Memorial 17th"]
[Site "Managua"]
[Date "2017.12.12"]
[Round "3"]
[White "Navarrete, Marco Vinicio"]
[Black "Escorcia Obando, Carlos David"]
[Result "1-0"]
[WhiteElo "1246"]
[BlackElo "1498"]
[PlyCount "91"]
[EventDate "2017.12.11"]
[EventType "swiss"]
[EventRounds "9"]
[EventCountry "NCA"]
[SourceTitle "CBM 182 Extra"]
[Source "ChessBase"]
[SourceDate "2018.02.23"]
[SourceVersion "1"]
[SourceVersionDate "2018.02.23"]
[SourceQuality "1"]

1. d4 d5 2. c4 c6 3. a3 Nf6 4. Bg5 e6 5. cxd5 exd5 6. Nf3 Be7 7. g3 0-0 8. Nc3 h6 9. Bd2 Bf5 10. Bg2 Nbd7 11. 0-0 Ne4 12. Bf4 Ng5 13. h4 Nh3+ 14. Kh2 Nxf4 15. gxf4 Bxh4 16. Qe1 Re8 17. Rh1 Bg4 18. Kg1 Bxf3 19. Bxf3 Bf6 20. Qd2 Nb6 21. b3 a5 22. a4 Qd6 23. Rh2 Qb4 24. e3 c5 25. Rd1 Rad8 26. Kg2 Kh8 27. Qd3 cxd4 28. exd4 Qd6 29. Qf5 Qe6 30. Qh5 Kg8 31. f5 Qd6 32. Ne2 Qb4 33. Qg4 Kh7 34. Rhh1 Re7 35. Ng3 Rc7 36. Qf4 Qd6 37. Qd2 Bg5 38. Qxg5 Rc3 39. Rb1 Re8 40. Qd2 Qb4 41. Qd1 Rec8 42. f6 g6 43. Qd2 h5 44. Nxh5 Kg8 45. Qh6 Qf8 46. Ng7 1-0